| 000 | 00566nam a22001697a 4500 | ||
|---|---|---|---|
| 008 | 230809b |||||||| |||| 00| 0 eng d | ||
| 020 | _a9783659502491 | ||
| 050 | _aLA 217 .M75 2014 | ||
| 100 | _a Mtitu, Evaristo | ||
| 245 |
_aImplementation Of Competency-based Curriculum In Developing Economies : _bLinking Theories And Practice / |
||
| 250 | _a1st ed. | ||
| 260 |
_aGermany: _bLAP LAMBERT, _c2014. |
||
| 300 |
_avii, 275p. ; _bill. ; _c22 cm |
||
| 500 | _aincludes references. | ||
| 650 | _2Education | ||
| 942 |
_2lcc _cBOOKS _hLA 217 .M75 2014 |
||
| 999 |
_c31834 _d31834 |
||